000 01240nam a22002897a 4500
003 BD-DhSAU
005 20190102104228.0
008 160718b2017 bg ||||| |||| 001 0 eng d
040 _aBD-DhSAU
082 _222
_a581.35
_bP2811
100 _a Paul , Joyoti
_eRegistration No # 11-04447
245 _aGenetic variation and correlation analysis in Agromorphological traits of F4 Generation in Brassica napus L./
_c Paul , Joyoti
_bMs Thesis
260 _aSher-e-Bangla Agricultural University :
_bDepartment of Genetics and Plant Breeding,
_c2017.
300 _aix, 111 p. :
_bill. ;
_c30 cm.
500 _aMS thesis of Department of Genetics and Plant Breeding, Faculty of Agriculture, Sher-e-Bangla Agricultural University, Dhaka, Bangladesh
504 _aIncludes bibliographical references.
590 _aShofi
650 _aGenetics and Plant Breeding
650 _aGenetic variation
650 _aCorrelation analysis
650 _aAgromorphological
650 _aF4 Generation in Brassica napus L
700 _a Mahmud , Firoz
_eSuperviser
700 _a Zeba , Naheed
_eCo-superviser
856 _uhttp://archive.saulibrary.edu.bd:8080/xmlui/handle/123456789/1956
_yOnline Access
942 _2ddc
_cTHESIS
999 _c14514
_d14513